[Event "Women's Baku Chess Olympiad"]
[Site "chess24.com"]
[Date "2016.09.11"]
[Round "9"]
[White "Ju, Wenjun"]
[Black "Paikidze, Nazi"]
[Result "1-0"]
[Board "2"]
[WhiteID "8603006"]
[WhiteElo "2583"]
[WhiteTitle "GM"]
[WhiteCountry "CHN"]
[WhiteFideId "8603006"]
[WhiteEloChange "2"]
[BlackID "13603620"]
[BlackElo "2366"]
[BlackTitle "IM"]
[BlackCountry "USA"]
[BlackFideId "13603620"]
[BlackEloChange "-4"]

1. d4 {[%clk 1:30:55]} Nf6 {[%clk 1:30:54]} 2. c4 {[%clk 1:31:21]} e6 {[%clk
1:31:19]} 3. g3 {[%clk 1:31:47]} d5 {[%clk 1:31:42]} 4. Bg2 {[%clk 1:32:08]} Bb4+
{[%clk 1:31:51]} 5. Nd2 {[%clk 1:32:20]} O-O {[%clk 1:31:50]} 6. Nf3 {[%clk
1:32:36]} b6 {[%clk 1:21:44]} 7. O-O {[%clk 1:32:03]} Bb7 {[%clk 1:21:57]} 8. Ne5
{[%clk 1:22:39]} Nbd7 {[%clk 1:16:23]} 9. Nd3 {[%clk 1:17:31]} Bxd2 {[%clk
1:03:48]} 10. Bxd2 {[%clk 1:17:19]} Ne4 {[%clk 1:03:52]} 11. cxd5 {[%clk
1:15:30]} Nxd2 {[%clk 0:59:23]} 12. Qxd2 {[%clk 1:15:26]} exd5 {[%clk 0:59:37]}
13. Rac1 {[%clk 1:15:39]} c6 {[%clk 0:55:43]} 14. Rc2 {[%clk 1:12:49]} Qe7 {[%clk
0:38:43]} 15. Rfc1 {[%clk 1:11:07]} Rac8 {[%clk 0:28:46]} 16. a4 {[%clk 0:46:51]}
Nf6 {[%clk 0:22:03]} 17. Qb4 {[%clk 0:44:02]} Qc7 {[%clk 0:15:25]} 18. Qb3 {[%clk
0:42:10]} Ba6 {[%clk 0:13:15]} 19. Bh3 {[%clk 0:31:17]} Bc4 {[%clk 0:10:10]} 20.
Qa3 {[%clk 0:28:58]} Rce8 {[%clk 0:10:12]} 21. Ne5 {[%clk 0:24:50]} c5 {[%clk
0:08:52]} 22. Nxc4 {[%clk 0:16:44]} dxc4 {[%clk 0:09:18]} 23. e3 {[%clk 0:16:58]}
Ne4 {[%clk 0:07:56]} 24. Rxc4 {[%clk 0:17:26]} Qe7 {[%clk 0:06:07]} 25. dxc5
{[%clk 0:12:03]} Nxc5 {[%clk 0:06:03]} 26. Rd4 {[%clk 0:11:54]} Rd8 {[%clk
0:04:56]} 27. Bg2 {[%clk 0:05:46]} Qf6 {[%clk 0:05:01]} 28. Bd5 {[%clk 0:05:53]}
Ne6 {[%clk 0:03:47]} 29. Rdd1 {[%clk 0:05:04]} g6 {[%clk 0:03:49]} 30. Qc3 {[%clk
0:04:09]} Qxc3 {[%clk 0:02:56]} 31. Rxc3 {[%clk 0:04:35]} Kg7 {[%clk 0:03:00]}
32. Kf1 {[%clk 0:03:49]} Kf6 {[%clk 0:03:01]} 33. Ke2 {[%clk 0:03:47]} Rc8 {[%clk
0:03:15]} 34. Rdc1 {[%clk 0:03:28]} Rxc3 {[%clk 0:03:17]} 35. Rxc3 {[%clk
0:03:56]} Nc5 {[%clk 0:03:38]} 36. b3 {[%clk 0:03:04]} Ke5 {[%clk 0:03:16]} 37.
Bc4 {[%clk 0:03:29]} f5 {[%clk 0:03:20]} 38. Rc2 {[%clk 0:03:52]} Rd8 {[%clk
0:03:20]} 39. f3 {[%clk 0:04:13]} Kf6 {[%clk 0:02:42]} 40. Ra2 {[%clk 0:34:17]}
a5 {[%clk 0:32:49]} 41. Rb2 {[%clk 0:24:08]} g5 {[%clk 0:26:15]} 42. Bb5 {[%clk
0:19:52]} g4 {[%clk 0:22:37]} 43. b4 {[%clk 0:20:20]} gxf3+ {[%clk 0:19:27]} 44.
Kxf3 {[%clk 0:20:47]} axb4 {[%clk 0:18:32]} 45. Rxb4 {[%clk 0:21:14]} Rd2 {[%clk
0:18:51]} 46. Be2 {[%clk 0:19:20]} Ke5 {[%clk 0:15:28]} 47. Rxb6 {[%clk 0:13:34]}
Ne4 {[%clk 0:13:19]} 48. Rb5+ {[%clk 0:09:21]} Kf6 {[%clk 0:13:40]} 49. Kf4
{[%clk 0:07:21]} Nd6 {[%clk 0:13:02]} 50. Rb6 {[%clk 0:07:49]} Ke7 {[%clk
0:13:20]} 51. Bf3 {[%clk 0:07:54]} Rxh2 {[%clk 0:11:12]} 52. Bd5 {[%clk 0:06:16]}
Nc8 {[%clk 0:07:55]} 53. Re6+ {[%clk 0:05:54]} Kd7 {[%clk 0:08:11]} 54. Kxf5
{[%clk 0:03:39]} Ne7+ {[%clk 0:06:27]} 55. Ke4 {[%clk 0:04:07]} Rb2 {[%clk
0:06:33]} 56. Ra6 {[%clk 0:04:18]} Rb4+ {[%clk 0:06:44]} 57. Ke5 {[%clk 0:04:46]}
Ng6+ {[%clk 0:07:03]} 58. Kf6 {[%clk 0:05:01]} Kc7 {[%clk 0:05:50]} 59. a5 {[%clk
0:05:15]} Ra4 {[%clk 0:06:08]} 60. e4 {[%clk 0:04:27]} Nf8 {[%clk 0:05:30]} 61.
Kg7 {[%clk 0:02:48]} Nd7 {[%clk 0:05:54]} 62. Kxh7 {[%clk 0:02:48]} Ra3 {[%clk
0:05:53]} 63. g4 {[%clk 0:02:24]} Rg3 {[%clk 0:05:58]} 64. Rc6+ {[%clk 0:02:50]}
Kb8 {[%clk 0:05:51]} 65. a6 {[%clk 0:02:04]} Ne5 {[%clk 0:05:18]} 66. Rf6 {[%clk
0:01:26]} Nxg4 {[%clk 0:04:53]} 67. Rf7 {[%clk 0:01:50]} Ra3 {[%clk 0:04:48]} 68.
Rb7+ {[%clk 0:02:12]} Kc8 {[%clk 0:05:11]} 69. a7 {[%clk 0:01:40]} Nf6+ {[%clk
0:05:11]} 70. Kg6 {[%clk 0:02:02]} Nxd5 {[%clk 0:04:34]} 71. Rb8+ {[%clk
0:02:31]} Kd7 {[%clk 0:04:03]} 72. a8Q {[%clk 0:02:57]} Rxa8 {[%clk 0:04:12]} 73.
Rxa8 {[%clk 0:03:24]} Ne3 {[%clk 0:03:58]} 74. Kf6 {[%clk 0:03:06]} Ng4+ {[%clk
0:04:17]} 75. Kf5 {[%clk 0:03:33]} Ne3+ {[%clk 0:04:41]} 76. Ke5 {[%clk 0:03:33]}
Nc4+ {[%clk 0:04:33]} 77. Kf6 {[%clk 0:03:57]} Nd6 {[%clk 0:04:17]} 78. Ra7+
{[%clk 0:04:25]} Kd8 {[%clk 0:04:37]} 79. e5 {[%clk 0:04:49]} Ne4+ {[%clk
0:04:56]} 80. Ke6 {[%clk 0:05:10]} Ng5+ {[%clk 0:05:15]} 81. Kd5 {[%clk 0:05:18]}
Ke8 {[%clk 0:05:27]} 82. Rg7 {[%clk 0:05:35]} Nf7 {[%clk 0:05:50]} 83. Rxf7
{[%clk 0:05:50]} Kxf7 {[%clk 0:06:16]} 84. Kd6 {[%clk 0:06:19]} Ke8 {[%clk
0:06:36]} 85. Ke6 {[%clk 0:06:47]} 1-0

[Event "Women's Baku Chess Olympiad"]
[Site "chess24.com"]
[Date "2016.09.11"]
[Round "9"]
[White "Zawadzka, Jolanta"]
[Black "Efroimski, Marsel"]
[Result "1-0"]
[Board "2"]
[WhiteID "1122320"]
[WhiteElo "2429"]
[WhiteTitle "WGM"]
[WhiteCountry "POL"]
[WhiteFideId "1122320"]
[WhiteEloChange "4"]
[BlackID "2810964"]
[BlackElo "2322"]
[BlackTitle "WIM"]
[BlackCountry "ISR"]
[BlackFideId "2810964"]
[BlackEloChange "-7"]

1. e4 {[%clk 1:30:49]} c5 {[%clk 1:30:57]} 2. Nf3 {[%clk 1:31:14]} d6 {[%clk
1:31:25]} 3. Bb5+ {[%clk 1:31:36]} Bd7 {[%clk 1:31:51]} 4. Bxd7+ {[%clk 1:31:51]}
Nxd7 {[%clk 1:32:16]} 5. O-O {[%clk 1:31:49]} Ngf6 {[%clk 1:32:43]} 6. Qe2 {[%clk
1:32:08]} Rc8 {[%clk 1:33:09]} 7. c3 {[%clk 1:31:36]} e6 {[%clk 1:33:31]} 8. d4
{[%clk 1:31:16]} cxd4 {[%clk 1:33:22]} 9. cxd4 {[%clk 1:31:32]} d5 {[%clk
1:33:32]} 10. e5 {[%clk 1:30:19]} Ne4 {[%clk 1:33:58]} 11. Be3 {[%clk 1:29:39]}
Be7 {[%clk 1:34:14]} 12. Ne1 {[%clk 1:26:42]} f5 {[%clk 1:34:20]} 13. f3 {[%clk
1:19:55]} Ng5 {[%clk 1:34:46]} 14. Nd3 {[%clk 1:19:24]} O-O {[%clk 1:33:37]} 15.
Nc3 {[%clk 1:15:58]} Rc6 {[%clk 1:31:43]} 16. Rac1 {[%clk 1:11:33]} Nf7 {[%clk
1:23:21]} 17. Nxd5 {[%clk 1:03:34]} exd5 {[%clk 1:23:28]} 18. Rxc6 {[%clk
1:04:00]} bxc6 {[%clk 1:23:53]} 19. e6 {[%clk 1:04:25]} Bd6 {[%clk 1:08:38]} 20.
Bf4 {[%clk 0:57:27]} Re8 {[%clk 1:04:35]} 21. exf7+ {[%clk 0:55:33]} Kxf7 {[%clk
1:05:00]} 22. Qd2 {[%clk 0:50:28]} Qf6 {[%clk 0:58:55]} 23. Bxd6 {[%clk 0:47:47]}
Qxd6 {[%clk 0:59:12]} 24. Qa5 {[%clk 0:47:17]} Re3 {[%clk 0:49:33]} 25. Rd1
{[%clk 0:45:53]} Qb8 {[%clk 0:44:59]} 26. Nb4 {[%clk 0:39:07]} Qb7 {[%clk
0:40:55]} 27. Rc1 {[%clk 0:38:02]} Qb5 {[%clk 0:27:50]} 28. Qxb5 {[%clk 0:37:12]}
cxb5 {[%clk 0:28:16]} 29. Kf2 {[%clk 0:37:09]} Re7 {[%clk 0:23:19]} 30. Nxd5
{[%clk 0:37:11]} Re6 {[%clk 0:23:37]} 31. Rc7 {[%clk 0:30:53]} Rd6 {[%clk
0:23:47]} 32. Nc3 {[%clk 0:30:47]} a6 {[%clk 0:19:05]} 33. Ke3 {[%clk 0:30:28]}
Ke7 {[%clk 0:18:44]} 34. Ra7 {[%clk 0:28:14]} g5 {[%clk 0:12:34]} 35. g4 {[%clk
0:20:14]} fxg4 {[%clk 0:04:02]} 36. Ne4 {[%clk 0:19:26]} Re6 {[%clk 0:02:22]} 37.
d5 {[%clk 0:19:21]} Re5 {[%clk 0:02:17]} 38. Kd4 {[%clk 0:19:00]} Rf5 {[%clk
0:01:59]} 39. fxg4 {[%clk 0:17:43]} Rf4 {[%clk 0:02:22]} 40. h3 {[%clk 0:47:50]}
Kd8 {[%clk 0:32:29]} 41. Ra8+ {[%clk 0:37:30]} Kc7 {[%clk 0:32:08]} 42. Re8
{[%clk 0:36:42]} Nf6 {[%clk 0:31:04]} 43. Re6 {[%clk 0:34:55]} Nxe4 {[%clk
0:31:27]} 44. Rxe4 {[%clk 0:35:21]} Rf2 {[%clk 0:29:43]} 45. Re7+ {[%clk
0:34:18]} Kd8 {[%clk 0:26:06]} 46. Ra7 {[%clk 0:32:57]} Rxb2 {[%clk 0:25:37]} 47.
Rxa6 {[%clk 0:33:10]} Rh2 {[%clk 0:24:10]} 48. Kc5 {[%clk 0:24:59]} Rxh3 {[%clk
0:23:27]} 49. Kxb5 {[%clk 0:24:49]} Kd7 {[%clk 0:22:06]} 50. Kc5 {[%clk 0:24:29]}
Rc3+ {[%clk 0:21:58]} 51. Kd4 {[%clk 0:24:16]} Rg3 {[%clk 0:21:40]} 52. Ke5
{[%clk 0:24:17]} Rxg4 {[%clk 0:20:41]} 53. Ra7+ {[%clk 0:24:28]} Kc8 {[%clk
0:20:29]} 54. Rxh7 {[%clk 0:23:24]} Ra4 {[%clk 0:15:11]} 55. Ke6 {[%clk 0:14:37]}
Rxa2 {[%clk 0:13:25]} 56. Rh8+ {[%clk 0:15:02]} Kb7 {[%clk 0:13:44]} 57. Rg8
{[%clk 0:14:19]} Rh2 {[%clk 0:08:33]} 58. d6 {[%clk 0:13:15]} Re2+ {[%clk
0:05:26]} 59. Kd7 {[%clk 0:13:35]} Rg2 {[%clk 0:02:31]} 60. Ke7 {[%clk 0:11:58]}
Re2+ {[%clk 0:02:22]} 61. Kd8 {[%clk 0:11:42]} Ra2 {[%clk 0:01:17]} 62. Rg7+
{[%clk 0:11:05]} Kc6 {[%clk 0:01:31]} 63. d7 {[%clk 0:11:10]} Kd6 {[%clk
0:00:54]} 64. Rg6+ {[%clk 0:11:29]} Ke5 {[%clk 0:01:15]} 65. Ke7 {[%clk 0:11:43]}
Kf5 {[%clk 0:01:19]} 66. d8Q {[%clk 0:10:43]} Ra7+ {[%clk 0:00:56]} 67. Kf8
{[%clk 0:10:56]} 1-0

[Event "Women's Baku Chess Olympiad"]
[Site "chess24.com"]
[Date "2016.09.11"]
[Round "9"]
[White "Pham, Le Thao Nguyen"]
[Black "Kosteniuk, Alexandra"]
[Result "1/2-1/2"]
[Board "1"]
[WhiteID "12401226"]
[WhiteElo "2338"]
[WhiteTitle "IM"]
[WhiteCountry "VIE"]
[WhiteFideId "12401226"]
[WhiteEloChange "5"]
[BlackID "4128125"]
[BlackElo "2538"]
[BlackTitle "GM"]
[BlackCountry "RUS"]
[BlackFideId "4128125"]
[BlackEloChange "-3"]

1. d4 {[%clk 1:30:49]} Nf6 {[%clk 1:30:53]} 2. Nf3 {[%clk 1:30:58]} e6 {[%clk
1:31:06]} 3. g3 {[%clk 1:30:51]} c5 {[%clk 1:29:27]} 4. c3 {[%clk 1:28:45]} Nc6
{[%clk 1:27:14]} 5. Bg2 {[%clk 1:28:50]} d5 {[%clk 1:24:21]} 6. O-O {[%clk
1:27:43]} h6 {[%clk 1:22:53]} 7. Nbd2 {[%clk 1:18:03]} cxd4 {[%clk 1:21:32]} 8.
cxd4 {[%clk 1:15:29]} Qb6 {[%clk 1:19:21]} 9. e3 {[%clk 1:05:56]} Be7 {[%clk
1:13:38]} 10. Nb1 {[%clk 1:02:54]} Ne4 {[%clk 1:06:59]} 11. Nfd2 {[%clk 0:59:57]}
Nd6 {[%clk 1:05:31]} 12. Nc3 {[%clk 0:59:50]} O-O {[%clk 1:05:52]} 13. b3 {[%clk
0:55:59]} a5 {[%clk 1:01:34]} 14. Na4 {[%clk 0:53:47]} Qd8 {[%clk 1:01:14]} 15.
Bb2 {[%clk 0:51:53]} f5 {[%clk 0:56:54]} 16. Nf3 {[%clk 0:47:27]} Ne4 {[%clk
0:54:53]} 17. Rc1 {[%clk 0:43:42]} Bd7 {[%clk 0:53:56]} 18. Nc5 {[%clk 0:37:48]}
Nxc5 {[%clk 0:50:39]} 19. dxc5 {[%clk 0:38:03]} Bf6 {[%clk 0:41:44]} 20. Qd2
{[%clk 0:34:28]} Bxb2 {[%clk 0:35:06]} 21. Qxb2 {[%clk 0:34:46]} Qf6 {[%clk
0:35:25]} 22. Qd2 {[%clk 0:32:40]} Ne7 {[%clk 0:34:08]} 23. Rfd1 {[%clk 0:27:40]}
e5 {[%clk 0:31:28]} 24. Qc3 {[%clk 0:25:03]} e4 {[%clk 0:28:27]} 25. Qxf6 {[%clk
0:17:05]} Rxf6 {[%clk 0:28:52]} 26. Nd4 {[%clk 0:17:15]} g5 {[%clk 0:29:01]} 27.
f4 {[%clk 0:14:30]} exf3 {[%clk 0:29:11]} 28. Bxf3 {[%clk 0:14:19]} Kg7 {[%clk
0:23:02]} 29. Kf2 {[%clk 0:13:30]} h5 {[%clk 0:21:45]} 30. Ne2 {[%clk 0:11:22]}
Be6 {[%clk 0:17:52]} 31. h4 {[%clk 0:09:31]} f4 {[%clk 0:15:41]} 32. exf4 {[%clk
0:07:42]} gxh4 {[%clk 0:16:03]} 33. gxh4 {[%clk 0:07:50]} Ng6 {[%clk 0:16:07]}
34. Bxh5 {[%clk 0:06:27]} Nxf4 {[%clk 0:16:10]} 35. Nxf4 {[%clk 0:06:35]} Rxf4+
{[%clk 0:16:37]} 36. Kg3 {[%clk 0:06:48]} Rf6 {[%clk 0:14:14]} 37. Rd4 {[%clk
0:06:32]} Kh6 {[%clk 0:12:08]} 38. Bf3 {[%clk 0:05:44]} Rg8+ {[%clk 0:10:22]} 39.
Kf2 {[%clk 0:05:42]} Bh3 {[%clk 0:06:31]} 40. Rd3 {[%clk 0:31:15]} Rg2+ {[%clk
0:33:44]} 41. Ke3 {[%clk 0:31:26]} Rg3 {[%clk 0:32:51]} 42. Kf2 {[%clk 0:13:21]}
Rg2+ {[%clk 0:33:02]} 43. Ke3 {[%clk 0:12:39]} Rg3 {[%clk 0:33:05]} 44. Ke2
{[%clk 0:07:16]} d4 {[%clk 0:32:45]} 45. Rcd1 {[%clk 0:06:58]} Rgxf3 {[%clk
0:24:20]} 46. Rxf3 {[%clk 0:07:21]} Bg4 {[%clk 0:24:48]} 47. Rd3 {[%clk 0:07:44]}
Rxf3 {[%clk 0:25:09]} 48. Rxf3 {[%clk 0:08:09]} d3+ {[%clk 0:25:33]} 49. Ke3
{[%clk 0:05:30]} d2 {[%clk 0:25:56]} 50. Rf1 {[%clk 0:05:51]} d1Q {[%clk
0:26:20]} 51. Rxd1 {[%clk 0:06:19]} Bxd1 {[%clk 0:26:44]} 52. Kd4 {[%clk
0:06:44]} Kh5 {[%clk 0:23:02]} 53. Ke5 {[%clk 0:06:29]} Kxh4 {[%clk 0:22:18]} 54.
Kd6 {[%clk 0:06:53]} a4 {[%clk 0:22:17]} 55. bxa4 {[%clk 0:07:10]} Bxa4 {[%clk
0:22:43]} 56. Kc7 {[%clk 0:07:32]} Bc6 {[%clk 0:23:07]} 57. a4 {[%clk 0:07:28]}
Bxa4 {[%clk 0:23:20]} 1/2-1/2

[Event "Women's Baku Chess Olympiad"]
[Site "chess24.com"]
[Date "2016.09.11"]
[Round "9"]
[White "Nguyen, Thi Mai Hung"]
[Black "Goryachkina, Aleksandra"]
[Result "1/2-1/2"]
[Board "3"]
[WhiteID "12401676"]
[WhiteElo "2316"]
[WhiteTitle "WGM"]
[WhiteCountry "VIE"]
[WhiteFideId "12401676"]
[WhiteEloChange "4"]
[BlackID "4147103"]
[BlackElo "2475"]
[BlackTitle "WGM"]
[BlackCountry "RUS"]
[BlackFideId "4147103"]
[BlackEloChange "-2"]

1. d4 {[%clk 1:30:50]} d5 {[%clk 1:30:48]} 2. Bf4 {[%clk 1:28:47]} c5 {[%clk
1:30:19]} 3. e3 {[%clk 1:29:02]} Nc6 {[%clk 1:30:25]} 4. c3 {[%clk 1:27:55]} Nf6
{[%clk 1:29:38]} 5. Nd2 {[%clk 1:28:16]} Bf5 {[%clk 1:29:05]} 6. Qb3 {[%clk
1:27:41]} Qd7 {[%clk 1:28:07]} 7. Ngf3 {[%clk 1:26:52]} c4 {[%clk 1:27:31]} 8.
Qb5 {[%clk 1:20:58]} Nh5 {[%clk 1:16:38]} 9. b3 {[%clk 1:13:00]} Nxf4 {[%clk
1:02:47]} 10. exf4 {[%clk 1:13:19]} a6 {[%clk 0:59:37]} 11. Qb6 {[%clk 1:12:59]}
cxb3 {[%clk 0:54:14]} 12. axb3 {[%clk 1:06:35]} Rc8 {[%clk 0:51:54]} 13. Be2
{[%clk 1:01:10]} e6 {[%clk 0:51:20]} 14. b4 {[%clk 0:55:14]} Be7 {[%clk 0:48:35]}
15. b5 {[%clk 0:54:30]} axb5 {[%clk 0:46:23]} 16. Bxb5 {[%clk 0:48:24]} O-O
{[%clk 0:45:15]} 17. Ne5 {[%clk 0:31:22]} Qc7 {[%clk 0:44:11]} 18. Qxc7 {[%clk
0:31:45]} Rxc7 {[%clk 0:44:37]} 19. Bxc6 {[%clk 0:27:28]} bxc6 {[%clk 0:44:58]}
20. Ke2 {[%clk 0:23:26]} c5 {[%clk 0:39:11]} 21. Ra2 {[%clk 0:19:56]} f6 {[%clk
0:37:26]} 22. Nef3 {[%clk 0:19:02]} c4 {[%clk 0:37:08]} 23. Rha1 {[%clk 0:19:15]}
Rb8 {[%clk 0:36:22]} 24. Ra8 {[%clk 0:18:38]} Rb7 {[%clk 0:34:48]} 25. Rxb8+
{[%clk 0:19:01]} Rxb8 {[%clk 0:35:16]} 26. Ra2 {[%clk 0:18:43]} h6 {[%clk
0:34:37]} 27. h4 {[%clk 0:18:22]} Bd6 {[%clk 0:29:59]} 28. g3 {[%clk 0:18:40]}
Rb5 {[%clk 0:29:12]} 29. Kd1 {[%clk 0:15:23]} Rb7 {[%clk 0:25:51]} 30. Kc1 {[%clk
0:13:00]} Kf7 {[%clk 0:25:48]} 31. Ra6 {[%clk 0:05:39]} Ke7 {[%clk 0:25:41]} 32.
Ra2 {[%clk 0:05:15]} Kd7 {[%clk 0:25:41]} 33. Ra6 {[%clk 0:04:59]} Kc7 {[%clk
0:24:22]} 34. Ra2 {[%clk 0:04:56]} Kd7 {[%clk 0:18:59]} 35. Ra6 {[%clk 0:05:00]}
Bc7 {[%clk 0:18:51]} 36. Ra2 {[%clk 0:04:57]} Rb5 {[%clk 0:18:00]} 37. Ra3 {[%clk
0:04:17]} Ba5 {[%clk 0:17:13]} 38. Kd1 {[%clk 0:03:57]} Kc6 {[%clk 0:15:46]} 39.
Kc1 {[%clk 0:03:55]} Bb6 {[%clk 0:14:29]} 40. Ra2 {[%clk 0:33:14]} Kb7 {[%clk
0:42:28]} 41. Ra3 {[%clk 0:33:08]} Bd8 {[%clk 0:42:05]} 42. Ra2 {[%clk 0:31:55]}
Be7 {[%clk 0:42:21]} 43. Ra4 {[%clk 0:28:59]} Bd6 {[%clk 0:16:24]} 44. Ra1 {[%clk
0:26:32]} Kb6 {[%clk 0:16:20]} 45. Ra2 {[%clk 0:26:16]} Bg6 {[%clk 0:15:03]} 46.
Ne1 {[%clk 0:13:55]} Ra5 {[%clk 0:12:06]} 47. Kb2 {[%clk 0:13:23]} Rxa2+ {[%clk
0:11:52]} 48. Kxa2 {[%clk 0:13:51]} Kb5 {[%clk 0:12:06]} 49. Kb2 {[%clk 0:13:18]}
Ka4 {[%clk 0:12:22]} 50. Nc2 {[%clk 0:13:42]} Bd3 {[%clk 0:11:54]} 51. Nf3 {[%clk
0:12:55]} Be2 {[%clk 0:11:38]} 52. Nd2 {[%clk 0:09:49]} Be7 {[%clk 0:10:52]} 53.
Nb1 {[%clk 0:09:25]} Bd3 {[%clk 0:10:35]} 1/2-1/2

[Event "Women's Baku Chess Olympiad"]
[Site "chess24.com"]
[Date "2016.09.11"]
[Round "9"]
[White "Tania, Sachdev"]
[Black "Kazarian, Anna-Maja"]
[Result "1-0"]
[Board "3"]
[WhiteID "5007844"]
[WhiteElo "2402"]
[WhiteTitle "IM"]
[WhiteCountry "IND"]
[WhiteFideId "5007844"]
[WhiteEloChange "3"]
[BlackID "1033689"]
[BlackElo "2231"]
[BlackTitle "FM"]
[BlackCountry "NED"]
[BlackFideId "1033689"]
[BlackEloChange "-5"]

1. d4 {[%clk 1:30:49]} d5 {[%clk 1:30:56]} 2. c4 {[%clk 1:31:14]} c6 {[%clk
1:31:22]} 3. Nf3 {[%clk 1:31:39]} Nf6 {[%clk 1:31:48]} 4. Nc3 {[%clk 1:32:03]} e6
{[%clk 1:32:01]} 5. g3 {[%clk 1:32:26]} dxc4 {[%clk 1:32:16]} 6. Bg2 {[%clk
1:32:50]} b5 {[%clk 1:32:28]} 7. Ne5 {[%clk 1:32:42]} a6 {[%clk 1:32:27]} 8. a4
{[%clk 1:31:21]} Bb7 {[%clk 1:31:29]} 9. O-O {[%clk 1:31:34]} Qc8 {[%clk
1:31:29]} 10. Bg5 {[%clk 1:31:33]} Nbd7 {[%clk 1:25:55]} 11. Bxf6 {[%clk
1:24:08]} gxf6 {[%clk 1:24:17]} 12. Nxd7 {[%clk 1:20:31]} Qxd7 {[%clk 1:24:41]}
13. b3 {[%clk 1:11:57]} b4 {[%clk 1:18:22]} 14. Ne4 {[%clk 1:12:02]} Be7 {[%clk
1:18:48]} 15. bxc4 {[%clk 1:11:38]} f5 {[%clk 1:19:10]} 16. Nc5 {[%clk 1:07:09]}
Bxc5 {[%clk 1:19:28]} 17. dxc5 {[%clk 1:07:37]} a5 {[%clk 1:07:52]} 18. Qc1
{[%clk 1:01:38]} O-O-O {[%clk 1:07:31]} 19. Qg5 {[%clk 0:52:04]} Qd4 {[%clk
0:52:23]} 20. Qh5 {[%clk 0:51:58]} Qf6 {[%clk 0:48:42]} 21. Rad1 {[%clk 0:32:40]}
Rxd1 {[%clk 0:42:38]} 22. Rxd1 {[%clk 0:33:08]} Rd8 {[%clk 0:42:22]} 23. e4
{[%clk 0:32:50]} b3 {[%clk 0:35:29]} 24. Rxd8+ {[%clk 0:21:36]} Qxd8 {[%clk
0:35:55]} 25. exf5 {[%clk 0:22:04]} Qd3 {[%clk 0:06:44]} 26. Qxf7 {[%clk
0:18:36]} Kb8 {[%clk 0:06:22]} 27. Qxe6 {[%clk 0:08:51]} Qd1+ {[%clk 0:05:31]}
28. Bf1 {[%clk 0:09:19]} Ka7 {[%clk 0:05:26]} 29. Qe5 {[%clk 0:08:51]} Qc2 {[%clk
0:02:13]} 30. f6 {[%clk 0:07:06]} b2 {[%clk 0:00:41]} 31. f7 {[%clk 0:07:34]} b1Q
{[%clk 0:00:50]} 32. f8Q {[%clk 0:07:58]} Ka6 {[%clk 0:00:36]} 33. Qeb8 {[%clk
0:07:09]} Qxf1+ {[%clk 0:00:36]} 34. Kxf1 {[%clk 0:07:35]} Qxc4+ {[%clk 0:00:49]}
35. Kg2 {[%clk 0:07:41]} Qxa4 {[%clk 0:01:05]} 36. Qfe8 {[%clk 0:05:48]} Qc4
{[%clk 0:01:10]} 37. Qee5 {[%clk 0:05:43]} a4 {[%clk 0:01:16]} 38. Qbc7 {[%clk
0:06:01]} 1-0

[Event "Women's Baku Chess Olympiad"]
[Site "chess24.com"]
[Date "2016.09.11"]
[Round "9"]
[White "Ovezdurdiyeva, Jemal"]
[Black "Javakhishvili, Lela"]
[Result "1/2-1/2"]
[Board "2"]
[WhiteID "14001888"]
[WhiteElo "2031"]
[WhiteTitle "WFM"]
[WhiteCountry "TKM"]
[WhiteFideId "14001888"]
[WhiteEloChange "8"]
[BlackID "13601458"]
[BlackElo "2486"]
[BlackTitle "IM"]
[BlackCountry "GEO"]
[BlackFideId "13601458"]
[BlackEloChange "-4"]

1. d4 {[%clk 1:30:58]} Nf6 {[%clk 1:30:50]} 2. c4 {[%clk 1:31:22]} e6 {[%clk
1:31:14]} 3. Nc3 {[%clk 1:31:49]} Bb4 {[%clk 1:31:39]} 4. e3 {[%clk 1:32:16]} O-O
{[%clk 1:32:02]} 5. Ne2 {[%clk 1:32:44]} d5 {[%clk 1:32:14]} 6. a3 {[%clk
1:33:09]} Be7 {[%clk 1:32:39]} 7. cxd5 {[%clk 1:33:34]} exd5 {[%clk 1:33:05]} 8.
Ng3 {[%clk 1:33:46]} a5 {[%clk 1:32:40]} 9. Bd3 {[%clk 1:33:58]} Re8 {[%clk
1:32:53]} 10. O-O {[%clk 1:34:19]} Na6 {[%clk 1:33:10]} 11. Bd2 {[%clk 1:28:58]}
c6 {[%clk 1:28:00]} 12. e4 {[%clk 1:18:41]} dxe4 {[%clk 1:24:33]} 13. Ncxe4
{[%clk 1:18:41]} Nc7 {[%clk 1:20:21]} 14. Bc3 {[%clk 1:08:34]} Nfd5 {[%clk
1:16:49]} 15. Qf3 {[%clk 1:00:57]} Bf8 {[%clk 1:12:58]} 16. Nh5 {[%clk 0:50:30]}
Qh4 {[%clk 1:08:57]} 17. h3 {[%clk 0:39:39]} Be6 {[%clk 0:54:01]} 18. Bd2 {[%clk
0:25:08]} h6 {[%clk 0:50:25]} 19. Nf4 {[%clk 0:22:40]} Nxf4 {[%clk 0:45:47]} 20.
Qxf4 {[%clk 0:22:53]} Qxf4 {[%clk 0:43:57]} 21. Bxf4 {[%clk 0:23:21]} Nd5 {[%clk
0:43:04]} 22. Bg3 {[%clk 0:23:03]} f5 {[%clk 0:28:23]} 23. Nc3 {[%clk 0:20:32]}
Nb6 {[%clk 0:24:42]} 24. Rfe1 {[%clk 0:19:24]} Kf7 {[%clk 0:22:15]} 25. Re2
{[%clk 0:17:10]} g6 {[%clk 0:19:10]} 26. Bc7 {[%clk 0:13:02]} Nd5 {[%clk
0:17:04]} 27. Nxd5 {[%clk 0:13:25]} Bxd5 {[%clk 0:17:27]} 28. Rxe8 {[%clk
0:11:50]} Kxe8 {[%clk 0:17:55]} 29. g4 {[%clk 0:11:42]} Kd7 {[%clk 0:15:37]} 30.
Be5 {[%clk 0:11:16]} Be6 {[%clk 0:13:27]} 31. f4 {[%clk 0:09:44]} b5 {[%clk
0:12:39]} 32. h4 {[%clk 0:09:02]} h5 {[%clk 0:11:37]} 33. gxh5 {[%clk 0:07:56]}
gxh5 {[%clk 0:12:05]} 34. Kh2 {[%clk 0:08:21]} Be7 {[%clk 0:10:02]} 35. Rg1
{[%clk 0:07:24]} b4 {[%clk 0:06:56]} 36. axb4 {[%clk 0:05:39]} axb4 {[%clk
0:07:09]} 37. Rg7 {[%clk 0:06:02]} Ke8 {[%clk 0:05:33]} 38. Be2 {[%clk 0:04:51]}
Ra2 {[%clk 0:04:21]} 39. Bxh5+ {[%clk 0:05:02]} Kf8 {[%clk 0:04:23]} 40. Rg2
{[%clk 0:34:24]} Bxh4 {[%clk 0:31:50]} 41. Kh3 {[%clk 0:32:35]} Bd8 {[%clk
0:24:03]} 42. Rg6 {[%clk 0:24:29]} Bd5 {[%clk 0:14:32]} 43. Bd6+ {[%clk 0:23:12]}
Kf7 {[%clk 0:14:53]} 44. Be5 {[%clk 0:14:30]} Kf8 {[%clk 0:12:07]} 45. Bd6+
{[%clk 0:10:17]} Kf7 {[%clk 0:12:30]} 46. Bxb4 {[%clk 0:09:06]} Bf3 {[%clk
0:10:28]} 47. Rd6+ {[%clk 0:06:50]} Bxh5 {[%clk 0:10:51]} 48. Rxd8 {[%clk
0:07:19]} Rxb2 {[%clk 0:11:02]} 49. Bc5 {[%clk 0:07:27]} Bf3 {[%clk 0:10:35]} 50.
Kh4 {[%clk 0:06:10]} Rg2 {[%clk 0:10:02]} 51. Rd7+ {[%clk 0:06:10]} 1/2-1/2